logo

Bir Sreshtho Munshi Abdur Rouf Library
Jhenaidah Cadet College

ইন দ্য লাইন অব ফায়ার / (Record no. 9443)

MARC details
000 -LEADER
fixed length control field 00730nam a22002297a 4500
001 - CONTROL NUMBER
JCCL Control Number 9443
003 - CONTROL NUMBER IDENTIFIER
JCCL marc code OSt
005 - DATE AND TIME OF LATEST TRANSACTION
control field 20200831124031.0
008 - FIXED-LENGTH DATA ELEMENTS--GENERAL INFORMATION
fixed length control field 180314b2006 bg ||||| |||| 00| 0 ben d
035 ## - SYSTEM CONTROL NUMBER
system control number (BD-JhCC)9443
040 ## - CATALOGING SOURCE
Original cataloging agency BD-JhCC
Modifying agency BD-JhCC
041 ## - LANGUAGE CODE
Language code of Book ben
082 ## - DEWEY DECIMAL CLASSIFICATION NUMBER
Classification number 954.91053
Author mark and Year MOS 2006
100 ## - MAIN ENTRY--PERSONAL NAME
Personal name মোশাররফ, পারভেজ
245 ## - TITLE STATEMENT
Title ইন দ্য লাইন অব ফায়ার /
Statement of responsibility, etc পারভেজ মোশাররফ
260 ## - PUBLICATION, DISTRIBUTION, ETC. (IMPRINT)
Place of publication, distribution, etc ঢাকা :
Name of publisher, distributor, etc অঙ্কুর প্রকাশনী
Date of publication, distribution, etc 2006.
300 ## - PHYSICAL DESCRIPTION
Pagination 312 p. :
Dimensions 23 cm.
650 ## - SUBJECT ADDED ENTRY--TOPICAL TERM
Topical term or geographic name as entry element Biography
651 ## - SUBJECT ADDED ENTRY--GEOGRAPHIC NAME
Geographic name Presidents
General subdivision Politics and government
Chronological subdivision Pervez Musharraf
Geographic subdivision Pakistan
942 ## - ADDED ENTRY ELEMENTS (KOHA)
Source of classification or shelving scheme Dewey Decimal Classification
Koha item type Books
Holdings
Source of classification or shelving scheme Damaged status Not for loan Home library Current library Shelving location Date of accession Cost, normal purchase price Total Checkouts Full call number Barcode Date last seen Copy number Koha item type
Dewey Decimal Classification     JCC Rouf Library JCC Rouf Library General Stacks 03/14/2018 320.00   954.91053 MOS 2006 12622 03/14/2018 C-1 Books

JCC Library | Contacts | JCC Home

Last Update on 23 September 2017
Copyright @ 2017-2020 JCC Rouf Library
Rouf Library, Jhenidah Cadet College (JCC), Bangladesh